LEADER 00947nam0 22002651i 450 001 UON00209692 005 20231205103329.578 100 $a20030730d1969 |0itac50 ba 101 $aalb 102 $aAL 105 $a|||| ||||| 200 1 $aBretkosat$fAristofani 210 $aPrishtinë$cRilindja$d1969 215 $a140 p.$d19 cm. 620 $dPrishtinë$3UONL003217 676 $a880$cLetteratura greca classica$v21 700 0$aAristophanes$3UONV056467$0602827 712 $aRilindja$3UONV267319$4650 790 0$aARISTOFANE$zAristophanes$3UONV056470 801 $aIT$bSOL$c20260313$gRICA 899 $aSIBA - SISTEMA BIBLIOTECARIO DI ATENEO E ARCHIVIO STORICO$2UONSI 912 $aUON00209692 950 $aSIBA - SISTEMA BIBLIOTECARIO DI ATENEO E ARCHIVIO STORICO$dSI ALB B II 0100 $eSI EO 28600 5 0100 996 $aBretkosat$94549621 997 $aUNIOR